header

A new heartland (Record no. 479)

MARC details
000 -LEADER
fixed length control field 01498nam a2200361Ia 4500
082 04 - DEWEY DECIMAL CLASSIFICATION NUMBER
Classification number 810/.9/0052
100 1# - MAIN ENTRY--AUTHOR NAME
Personal name Casey, Janet Galligani.
245 12 - TITLE STATEMENT
Title A new heartland
260 ## - PUBLICATION, DISTRIBUTION, ETC. (IMPRINT)
Place of publication Oxford ;
-- New York :
Name of publisher Oxford University Press,
Year of publication 2009.
300 ## - PHYSICAL DESCRIPTION
Number of Pages viii, 252 p. :
Other physical details ill.
650 #0 - SUBJECT ADDED ENTRY--TOPICAL TERM
Topical Term American fiction
Topical Term Pastoral fiction, American
Topical Term Women in literature.
Topical Term Farm life in literature.
Topical Term Rural conditions in literature.
Topical Term Literature and society
856 40 - ELECTRONIC LOCATION AND ACCESS
Uniform Resource Identifier http://site.ebrary.com/lib/rucke/Doc?id=10288488

No items available.

© 2026 Rongo University
Contact us: librarian | system librarian | Rongo university